| 000 | 00514nam a22002057a 4500 | ||
|---|---|---|---|
| 999 |
_c173322 _d173322 |
||
| 003 | Nust | ||
| 005 | 20180723054645.0 | ||
| 008 | 170121b xxu||||| |||| 00| 0 eng d | ||
| 020 |
_a9788129111777 _cRs. 514 |
||
| 020 | _a8129111772 | ||
| 038 | _aArshad | ||
| 040 | _aNUST- Fiction | ||
| 082 |
_a823 _bCAR |
||
| 100 |
_aCartland, Barbara _911921 |
||
| 245 |
_aThe karma of love / _cBarbara Cartland |
||
| 260 |
_aNew Delhi: _bRup G. _c1974. |
||
| 300 | _a173 p. | ||
| 650 |
_aFiction _93172 |
||
| 942 |
_2ddc _cBK |
||